• 首页
  • 本馆介绍
  • 公告通知
  • 最新文献
  • 馆藏检索
  • 电子资源
  • 读者导购
  • 参考咨询
  • 我的图书馆
  • 登录
  • 详细信息显示
  • 放入我的书架
  • 预约/预借图书
  • 作者相关作品
  • 分类相关作品
  • 丛书相关作品
  • 出版社相关作品

书目信息

  • 表格格式
  • 工作单格式
  • 卡片格式
题名:
新文化运动与传统文化
    
 
作者: 张悦 , 刘玉萌 , 吴丹丹 著
分册:  
出版信息: 合肥   安徽大学出版社  2016
页数: 172页
开本: 24cm
丛书名:
单 册:
中图分类: K261.107 , K203
科图分类:
主题词: 五四运动--wu si yun dong--研究 , 传统文化--chuan tong wen hua--研究--中国
电子资源:
ISBN: 978-7-5664-1125-9
000 01171nam0 22003011 450
001 0124140131
005 20170324140131.0
010    @a978-7-5664-1125-9@dCNY29.00
100    @a20170215d2016 em y0chiy50 ea
101 0  @achi
102    @aCN@b340100
105    @aa z 000yy
106    @ar
200 1  @a新文化运动与传统文化@9xin wen hua yun dong yu chuan tong wen hua@f张悦,刘玉萌,吴丹丹著
210    @a合肥@c安徽大学出版社@d2016
215    @a172页@c图@d24cm
300    @a全国高校出版社主题出版
300    @a新文化运动与百年中国
330    @a本书立足新文化运动与传统文化的关系,讲述这段时期中国文化的发展历程,使读者了解到,新文化运动对“反传统”的呼声虽然激烈,但与传统之间又有着不可割裂的关系。可以说,新文化运动是在传统文化中孕育出来的,也是在继承中批判传统文化的。通过这些阐释,有助于读者反思中国传统文化,提升文化自信力。
606 0  @a五四运动@9wu si yun dong@x研究
606 0  @a传统文化@9chuan tong wen hua@x研究@y中国
690    @aK261.107@v5
690    @aK203@v5
701  0 @a张悦@9zhang yue@4著
701  0 @a刘玉萌@9liu yu meng@4著
701  0 @a吴丹丹@9wu dan dan@4著
801  0 @aCN@bTANGWEI@c20170308
905    @b0961688-90@dK261.107@e124@f3
    
    新文化运动与传统文化/张悦,刘玉萌,吴丹丹著.-合肥:安徽大学出版社,2016
    172页:图;24cm
    全国高校出版社主题出版.-新文化运动与百年中国
    
    ISBN 978-7-5664-1125-9:CNY29.00
    本书立足新文化运动与传统文化的关系,讲述这段时期中国文化的发展历程,使读者了解到,新文化运动对“反传统”的呼声虽然激烈,但与传统之间又有着不可割裂的关系。可以说,新文化运动是在传统文化中孕育出来的,也是在继承中批判传统文化的。通过这些阐释,有助于读者反思中国传统文化,提升文化自信力。
●
相关链接 在E读中查询图书 在五车中查询图书 在当当中查询图书 在豆瓣中查询图书


正题名:新文化运动与传统文化     索取号:K261.107/124         预约/预借

序号 登录号 条形码 馆藏地/架位号 状态 备注
1 0961688   209616888   第二样本阅览室/ [索取号:K261.107/124] 在馆    
2 0961689   209616897   第二借阅区/ [索取号:K261.107/124] 在馆    
3 0961690   209616904   第二借阅区/ [索取号:K261.107/124] 在馆    
唐山师范学院图书馆 欢迎您!
大连网信软件有限公司© 版权所有